000 00746nam a2200265Ia 4500
003 OSt
005 20220918163200.0
006 a|||||r|||| 00| 0
007 ta
008 220917b |||||||| |||| 00| 0 eng d
020 _a0 04 294076 1 (hbk)
024 _a10,954
037 _cTextual
040 _aARTS
_cARTS
_beng
041 _2eng
_aeng
082 _aQ4:5, L2
100 _aChang Garma C C
_911770
245 0 _aBuddhist teaching of totality
_b The philosophy of Hwa Yen Buddhist
260 _aLondon
_bGeorge & Unsin
_c1972
300 _axxv, 270p.
_ccm.
500 _aBibliography p 264p.; Glossary p 250-63
650 _aRELIGION
942 _hQ4:5, L2
_cTEXL
_2CC
999 _c118228
_d118228